Online katalóg knižníc regiónu Turca

Minecraft (Record no. 22017)

MARC details
000 -LEADER
fixed length control field 01830cam a2200469 4500
001 - CONTROL NUMBER
control field 22017
003 - CONTROL NUMBER IDENTIFIER
control field VRT
005 - DATE AND TIME OF LATEST TRANSACTION
control field 20260317154613.0
008 - FIXED-LENGTH DATA ELEMENTS--GENERAL INFORMATION
fixed length control field 210603s2021 xo a b 6 000 1 slo
015 ## - NATIONAL BIBLIOGRAPHY NUMBER
National bibliography number SNBA2021/09
020 ## - INTERNATIONAL STANDARD BOOK NUMBER
International Standard Book Number 9788055650326
Qualifying information (viazané)
039 #9 - LEVEL OF BIBLIOGRAPHIC CONTROL AND CODING DETAIL [OBSOLETE]
Level of rules in bibliographic description 202311091149
Level of effort used to assign nonsubject heading access points msnk18
Level of effort used to assign subject headings 202307311331
Level of effort used to assign classification msnk18
Level of effort used to assign subject headings 202209071455
Level of effort used to assign classification msnk18
Level of effort used to assign subject headings 202109080836
Level of effort used to assign classification msnk167
040 ## - CATALOGING SOURCE
Original cataloging agency ZKSE
Language of cataloging slo
Transcribing agency ZKSE‬
Modifying agency SNK
Description conventions rda
041 1# - LANGUAGE CODE
Language code of text/sound track or separate title slo
Language code of original eng
044 ## - COUNTRY OF PUBLISHING/PRODUCING ENTITY CODE
MARC country code xo
ISO country code SK
072 #7 - SUBJECT CATEGORY CODE
Subject category code 821-93
Subject category code subdivision Literatúra pre deti a mládež (beletria)
Source konspekt
072 #7 - SUBJECT CATEGORY CODE
Subject category code 741.52
Subject category code subdivision Komiksy. Komiksové adaptácie
Source konspekt
080 ## - UNIVERSAL DECIMAL CLASSIFICATION NUMBER
Universal Decimal Classification number 741.52(0:82-321.3)
Edition identifier 2011
080 ## - UNIVERSAL DECIMAL CLASSIFICATION NUMBER
Universal Decimal Classification number 821-93
Edition identifier 2011
100 1# - MAIN ENTRY--PERSONAL NAME
Personal name Monster, Sfé R.
Relationship aut
240 10 - UNIFORM TITLE
Uniform title Minecraft
Language of a work Slovensky
245 10 - TITLE STATEMENT
Title Minecraft
Remainder of title prvá kniha príbehov
Statement of responsibility, etc. napísal Sfé R. Monster ; kresba a obálka Sarah Graleyová ; farby Stef Purenins ; editor Shantel Larocque ; z anglického originálu Minecraft ... preložil Andrej Šútovec
246 30 - VARYING FORM OF TITLE
Title proper/short title Prvá kniha príbehov
264 #1 - PRODUCTION, PUBLICATION, DISTRIBUTION, MANUFACTURE, AND COPYRIGHT NOTICE
Place of production, publication, distribution, manufacture Bratislava
Name of producer, publisher, distributor, manufacturer Slovart
Date of production, publication, distribution, manufacture, or copyright notice 2021
300 ## - PHYSICAL DESCRIPTION
Extent 85 strán
Other physical details farebné ilustrácie
Dimensions 24 cm
336 ## - CONTENT TYPE
Content type term text
Content type code txt
Source rdacontent
336 ## - CONTENT TYPE
Content type term statický obraz
Content type code sti
Source rdacontent
337 ## - MEDIA TYPE
Media type term bez média
Media type code n
Source rdamedia
338 ## - CARRIER TYPE
Carrier type term zväzok
Carrier type code nc
Source rdacarrier
655 #7 - INDEX TERM--GENRE/FORM
Genre/form data or focus term literatúra pre deti
Source of term SNKPH
655 #7 - INDEX TERM--GENRE/FORM
Genre/form data or focus term Action and adventure comics
Source of term SNKPHeng
655 #7 - INDEX TERM--GENRE/FORM
Genre/form data or focus term Children's literature
Source of term SNKPHeng
655 #7 - INDEX TERM--GENRE/FORM
Genre/form data or focus term akčné a dobrodružné komiksy
Source of term SNKPH
700 1# - ADDED ENTRY--PERSONAL NAME
Personal name Graley, Sarah,
Dates associated with a name 1991-
Relationship ill
700 1# - ADDED ENTRY--PERSONAL NAME
Personal name Purenins, Stef
Relationship ill
700 1# - ADDED ENTRY--PERSONAL NAME
Personal name Larocque, Shantel
Relationship edt
700 1# - ADDED ENTRY--PERSONAL NAME
Personal name Šútovec, Andrej
Relationship trl
710 2# - ADDED ENTRY--CORPORATE NAME
Corporate name or jurisdiction name as entry element Mojang AB (firma)
Relationship cre
942 ## - ADDED ENTRY ELEMENTS (KOHA)
Source of classification or shelving scheme Dewey Decimal Classification
Koha item type Krásna literatúra pre deti
Suppress in OPAC No
949 ## - LOCAL PROCESSING INFORMATION (OCLC)
6 17A1456495
a snkSC 193707
b snk2021/9938
o 1122/2021
s 6100:20210920
949 ## - LOCAL PROCESSING INFORMATION (OCLC)
6 17A1456496
a snkSC 193707 D1
b snk2021/9939
o 1122/2021
Holdings
Stav vyradenia Strata Poškodenie Spôsob nadobudnutia Domovská knižnica Aktuálna knižnica Dátum nadobudnutia Total checkouts Čiarový kód exemplára Date due Date last seen Date last checked out Typ exemplára
      Dar Obecná knižnica Horná Štubňa Obecná knižnica Horná Štubňa 17.03.2026 1 9788055650326 07.05.2026 07.04.2026 07.04.2026 Krásna literatúra pre deti
Projekt je podporený Slovenskou asociáciou knižníc
Prevádzkuje Turčianska knižnica Martin 2026